000 00679nam a2200229 a 4500
001 16348
003 CO-ViMGA
008 141112s2004 ck r 000 u spa d
020 _a9583009474
040 _aCO-ViMGA
_bspa
_cCO-ViMGA
082 0 4 _aSAVp
100 1 _aSavaget, Luciana
_92374
245 1 0 _aEl pajaro y la estrella de fuego
260 _aBogotá :
_bPanAméricana,
_c2002
300 _a48.p.il.
490 _aColección OA infantil
590 _aForma de adquisición : Premio - Mincultura
650 1 4 _aANIMALES - CUENTOS INFANTILES
_920047
650 1 4 _aCUENTOS INFANTILES BRASILEROS
_923380
650 1 4 _aPAJAROS - CUENTOS INFANTILES
_923381
942 _2ddc
_cBK
999 _c26231
_d26231